000 00898nam0a22002531 4500
001 rc\1038262
005 20041129103238.8
035 _a(NLR Aleph) 006200931
090 _a6266506
_c6266506
100 _a20041129d1981 u |0rusy50 ca
101 0 _arus
102 _aRU
105 _ay |||||||||
200 1 _aПроблемы социально-экономической эволюции стран Юго-Восточной Азии и Тропической Африки
_e(Сравн. анализ)
210 _aМ.
_cНаука
_d1981
215 _a214 с.
_d20
300 _aВ надзаг.: АН СССР, Ин-т востоковедения
320 _aБиблиогр.: с. 204-213 (265 назв.)
700 1 _aГалич
_bЗ. Н.
_gЗоя Николаевна
801 0 _aRU
_bNLR
_gpsbo
801 1 _aRU
_bELAR
_2rusmarc
852 _aNLR
_j81-3/4161
942 _cBOOK
980 _aNB